Gradazioni di colore - Arancione - Statistics

Statistiche generali
  • Questo quiz è stato fatto 20 volte
  • Il punteggio medio è 8 su 25
Statistiche sulle risposte
Colore Gradazione % Corretto
Arancione Pesca-giallo
80%
Arancione Pesca
75%
Arancione Pesca-arancio
75%
Arancione Mandarino
70%
Arancione Buccia d'arancia
65%
Arancione Rosa arancio
65%
Arancione Salmone
55%
Arancione Salmone scuro
55%
Arancione Albicocca
50%
Arancione Marrone
30%
Arancione Zucca
30%
Arancione Carota
25%
Arancione Corallo
25%
Arancione Ruggine
25%
Arancione Sabbia
20%
Arancione Melograno
15%
Arancione Arancio cadmio
10%
Arancione Mogano
10%
Arancione Ambra
5%
Arancione Arancione bruciato
5%
Arancione Arancione fiamma
5%
Arancione Arancione internazionale
5%
Arancione Giallo Napoli rossastro
5%
Arancione Gommagutta
0%
Arancione Vermiglione
0%
Nessun quiz corrispondente trovato
Distribuzione punteggi
Percentuale di utenti per punteggio
Percentile per numero di risposta
I tuoi punteggi nel tempo
Non hai fatto questo quiz